[Event "Bundesliga 2022-23"]
[Site "Schoenaich GER"]
[Date "2023.02.25"]
[Round "8.2"]
[Board "8"]
[White "Donchenko, Alexander"]
[Black "Kuznecovs, Nikita"]
[Result "1-0"]
[WhiteTitle "GM"]
[BlackTitle "FM"]
[WhiteElo "2646"]
[BlackElo "2301"]
[WhiteTeam "OSG Baden-Baden"]
[BlackTeam "SV Deggendorf"]
[WhiteFideId "24603295"]
[BlackFideId "11604557"]
[EventDate "2022.10.22"]

1. Nf3 d5 2. e3 g6 3. c4 dxc4 4. Bxc4 Bg7 5. d4 Nf6 6. O-O O-O 7. Nc3 c5 8. d5
Nbd7 9. a4 Nb6 10. Ba2 Bf5 11. Re1 Ne4 12. Nxe4 Bxe4 13. a5 Nxd5 14. Ng5 Nc3 15.
bxc3 Qxd1 16. Rxd1 Bc2 17. Bb2 Bxd1 18. Rxd1 e6 19. Kf1 Rfd8 20. Rb1 b5 21. Ke2
Rac8 22. Nxe6 fxe6 23. Bxe6+ Kf8 24. Bxc8 Rxc8 25. a6 Rc6 26. Ba3 b4 27. cxb4
Rxa6 28. Rb3 cxb4 29. Bxb4+ Kf7 30. Bc3 Bxc3 31. Rxc3 Ke6 32. f4 Kd5 33. Kf3 Ra1
34. Rc7 a5 35. Rxh7 a4 36. Kg4 Kc5 37. Kg5 Kb6 38. Rh8 Rc1 39. Ra8 Rc5+ 40. Kxg6
Ra5 41. Rxa5 Kxa5 42. f5 a3 43. f6 a2 44. f7 a1=Q 45. f8=Q Qg1 46. Qf3 Qxh2 47.
Qh5+ 1-0

[Event "Bundesliga 2022-23"]
[Site "Kirchweyhe GER"]
[Date "2023.02.25"]
[Round "8.3"]
[Board "1"]
[White "Bluebaum, Matthias"]
[Black "Ivic, Velimir"]
[Result "0-1"]
[WhiteTitle "GM"]
[BlackTitle "GM"]
[WhiteElo "2647"]
[BlackElo "2553"]
[WhiteTeam "Schachfreunde Deizisau"]
[BlackTeam "SK Kirchweyhe"]
[WhiteFideId "24651516"]
[BlackFideId "950122"]
[EventDate "2022.10.22"]

1. d4 d5 2. c4 c6 3. e3 Bf5 4. Nc3 e6 5. f3 Bg6 6. Nh3 Nd7 7. Qb3 Bd6 8. Qxb7
Ne7 9. Be2 Rb8 10. Qa6 O-O 11. O-O e5 12. cxd5 Rb6 13. Qa4 exd4 14. Qxd4 Be5 15.
Qd1 cxd5 16. Nf4 Qb8 17. g3 Nf6 18. Nxg6 hxg6 19. Na4 Re6 20. f4 Bd6 21. Bf3 Nf5
22. Bxd5 Nxd5 23. Qxd5 Rd8 24. Qf3 Qb4 25. Nc3 Bc5 26. Kh1 Qc4 27. Rd1 Rxd1+ 28.
Qxd1 Rd6 29. Qe1 g5 30. Bd2 gxf4 31. gxf4 Bxe3 32. Bxe3 Qc6+ 0-1

[Event "Bundesliga 2022-23"]
[Site "Kirchweyhe GER"]
[Date "2023.02.25"]
[Round "8.3"]
[Board "2"]
[White "Brkic, Ante"]
[Black "Kamsky, Gata"]
[Result "1/2-1/2"]
[WhiteTitle "GM"]
[BlackTitle "GM"]
[WhiteElo "2602"]
[BlackElo "2666"]
[WhiteTeam "SK Kirchweyhe"]
[BlackTeam "Schachfreunde Deizisau"]
[WhiteFideId "14506688"]
[BlackFideId "2000024"]
[EventDate "2022.10.22"]

1. e4 e5 2. Nf3 Nc6 3. Bb5 a6 4. Ba4 Nf6 5. O-O Be7 6. Re1 b5 7. Bb3 d6 8. c3
O-O 9. h3 Nb8 10. d4 Nbd7 11. Nbd2 Bb7 12. Bc2 Re8 13. a4 Bf8 14. Bd3 c6 15. Qc2
g6 16. Bf1 Bg7 17. dxe5 Nxe5 18. Nxe5 Rxe5 19. Nf3 Re7 20. Bf4 c5 21. axb5 axb5
22. Rxa8 Bxa8 23. Bxb5 Rxe4 24. Rxe4 Bxe4 25. Qd2 Bxf3 26. gxf3 d5 27. Bc6 d4
28. cxd4 cxd4 29. b4 Nh5 30. Bh2 Bf8 1/2-1/2

[Event "Bundesliga 2022-23"]
[Site "Kirchweyhe GER"]
[Date "2023.02.25"]
[Round "8.3"]
[Board "3"]
[White "Kollars, Dmitrij"]
[Black "Markus, Robert"]
[Result "1-0"]
[WhiteTitle "GM"]
[BlackTitle "GM"]
[WhiteElo "2612"]
[BlackElo "2615"]
[WhiteTeam "Schachfreunde Deizisau"]
[BlackTeam "SK Kirchweyhe"]
[WhiteFideId "12909572"]
[BlackFideId "921637"]
[EventDate "2022.10.22"]

1. e4 e5 2. Nf3 Nf6 3. Nxe5 d6 4. Nf3 Nxe4 5. d4 d5 6. Bd3 Nd6 7. O-O Be7 8. Bf4
O-O 9. Nbd2 Re8 10. Re1 Nd7 11. c3 Nf8 12. h3 c6 13. Qb3 Be6 14. Re2 Qd7 15.
Rae1 Ne4 16. Qc2 Nxd2 17. Bxd2 Qc7 18. Ng5 Bxg5 19. Bxg5 f6 20. Bh4 Bf7 21. Bg3
Qd7 22. f4 b6 23. f5 c5 24. Rxe8 Rxe8 25. Rxe8 Qxe8 26. dxc5 bxc5 27. b4 Qc6 28.
a4 c4 29. Be2 a6 30. Bd1 g6 31. Qf2 gxf5 32. Qxf5 Kg7 33. Bf2 Bg6 34. Qg4 Kf7
35. Qd4 Ne6 36. Qa7+ Ke8 37. b5 axb5 38. axb5 1-0

[Event "Bundesliga 2022-23"]
[Site "Kirchweyhe GER"]
[Date "2023.02.25"]
[Round "8.3"]
[Board "4"]
[White "Stevic, Hrvoje"]
[Black "Gupta, Abhijeet"]
[Result "1/2-1/2"]
[WhiteTitle "GM"]
[BlackTitle "GM"]
[WhiteElo "2565"]
[BlackElo "2607"]
[WhiteTeam "SK Kirchweyhe"]
[BlackTeam "Schachfreunde Deizisau"]
[WhiteFideId "14502569"]
[BlackFideId "5010608"]
[EventDate "2022.10.22"]

1. e4 c5 2. c3 d5 3. exd5 Qxd5 4. d4 Nf6 5. Nf3 Nc6 6. Be2 cxd4 7. cxd4 e6 8.
O-O Be7 9. Nc3 Qd6 10. Nb5 Qd8 11. Bf4 Nd5 12. Bg3 O-O 13. Rc1 Bd7 14. Nc3 Rc8
15. Nxd5 exd5 16. Qb3 Qb6 17. Qxb6 axb6 18. Bb5 f6 19. Rfe1 Kf7 20. Bf4 g5 21.
Be3 Bf5 22. a3 Na5 23. Nd2 Be6 24. Bd3 f5 25. Nf3 f4 26. Bd2 Nb3 27. Rxc8 Rxc8
28. Bc3 h6 29. Ne5+ Kf6 30. Nc4 dxc4 31. d5+ Kf7 32. dxe6+ Kf8 33. Bg6 Bd6 34.
Bf6 Be7 35. Bc3 Bd6 36. Bf6 Be7 37. Bc3 1/2-1/2

[Event "Bundesliga 2022-23"]
[Site "Kirchweyhe GER"]
[Date "2023.02.25"]
[Round "8.3"]
[Board "5"]
[White "Heimann, Andreas"]
[Black "Jovanovic, Zoran"]
[Result "1-0"]
[WhiteTitle "GM"]
[BlackTitle "GM"]
[WhiteElo "2573"]
[BlackElo "2519"]
[WhiteTeam "Schachfreunde Deizisau"]
[BlackTeam "SK Kirchweyhe"]
[WhiteFideId "24624632"]
[BlackFideId "14505320"]
[EventDate "2022.10.22"]

1. e4 Nc6 2. d4 d5 3. Nc3 dxe4 4. d5 Nb8 5. Bf4 Nf6 6. Bc4 a6 7. Nge2 g6 8. Qd2
Bg7 9. O-O-O b5 10. Bb3 c5 11. dxc6 Qxd2+ 12. Rxd2 Nxc6 13. Nd5 Nxd5 14. Bxd5
Bb7 15. Bxe4 Na5 16. Bxb7 Nxb7 17. Rhd1 Rd8 18. Nd4 Rc8 19. Nb3 Nd8 20. Nc5 a5
21. Nd7 Ne6 22. Be3 f5 23. Rd5 f4 24. Bb6 a4 25. Rxb5 Kf7 26. Ne5+ Bxe5 27. Rxe5
Rc6 28. Ba5 Rhc8 29. c3 f3 30. g3 Rc5 31. Rde1 R8c6 32. Bb4 Rc4 33. R1e3 Nd4 34.
Rxe7+ Kf6 35. Rb7 Kg5 36. Kd2 Nf5 37. Rxf3 Re6 38. Rxh7 Rce4 39. Kd3 Re2 40. Rf4
Rxb2 41. h4+ Kf6 42. g4 Ree2 43. gxf5 1-0

[Event "Bundesliga 2022-23"]
[Site "Kirchweyhe GER"]
[Date "2023.02.25"]
[Round "8.3"]
[Board "6"]
[White "Kovacevic, Aleksandar"]
[Black "Kozul, Zdenko"]
[Result "0-1"]
[WhiteTitle "GM"]
[BlackTitle "GM"]
[WhiteElo "2471"]
[BlackElo "2549"]
[WhiteTeam "SK Kirchweyhe"]
[BlackTeam "Schachfreunde Deizisau"]
[WhiteFideId "903124"]
[BlackFideId "14502879"]
[EventDate "2022.10.22"]

1. e4 c5 2. Nf3 d6 3. Bb5+ Bd7 4. Bxd7+ Nxd7 5. O-O Ngf6 6. Qe2 e6 7. c3 Be7 8.
d4 O-O 9. e5 Ne8 10. dxc5 Nxc5 11. Rd1 Qb6 12. c4 dxe5 13. Nxe5 Nf6 14. Nc3 a6
15. Bf4 Rfd8 16. h3 h6 17. Rab1 Rxd1+ 18. Rxd1 Rd8 19. Rxd8+ Qxd8 20. b4 Ncd7
21. c5 Nxe5 22. Bxe5 Nd5 23. Qe4 f6 24. Bd4 Nxb4 25. Qxe6+ Kf8 26. Qc4 Nc6 27.
Ne2 Qe8 28. Qb3 Bd8 29. Be3 Qf7 30. Qb1 f5 31. g3 g5 32. Qd3 Bc7 33. Nc3 Ne5 34.
Qd5 Qxd5 35. Nxd5 Bd8 36. f4 Nc4 37. Bd4 Kf7 38. fxg5 hxg5 39. c6 bxc6 40. Nb4
a5 41. Nxc6 Bc7 42. Kf2 Ke6 43. Bc3 Kd5 44. Ne7+ Ke4 45. Ng8 Kd3 46. Be1 Bb6+
47. Kf1 Ne3+ 48. Kg1 Nd1+ 49. Kf1 a4 50. h4 Ne3+ 51. Kg1 Ng4+ 52. Kf1 Ke3 53.
hxg5 Kf3 54. Bd2 Bf2 0-1

[Event "Bundesliga 2022-23"]
[Site "Kirchweyhe GER"]
[Date "2023.02.25"]
[Round "8.3"]
[Board "7"]
[White "Dautov, Rustem"]
[Black "Palac, Mladen"]
[Result "1/2-1/2"]
[WhiteTitle "GM"]
[BlackTitle "GM"]
[WhiteElo "2592"]
[BlackElo "2516"]
[WhiteTeam "Schachfreunde Deizisau"]
[BlackTeam "SK Kirchweyhe"]
[WhiteFideId "4623606"]
[BlackFideId "14500116"]
[EventDate "2022.10.22"]

1. d4 Nf6 2. c4 e6 3. Nf3 d5 4. Nc3 Bb4 5. Bg5 h6 6. Bxf6 Qxf6 7. Qa4+ Nc6 8. e3
O-O 9. Be2 dxc4 10. O-O Qe7 11. Bxc4 Na5 12. Bd3 Bxc3 13. bxc3 b6 14. c4 c5 15.
d5 Bd7 16. Qa3 exd5 17. cxd5 f5 18. Rfd1 Qd6 19. Rac1 Kh8 20. Be2 Rae8 1/2-1/2

[Event "Bundesliga 2022-23"]
[Site "Kirchweyhe GER"]
[Date "2023.02.25"]
[Round "8.3"]
[Board "8"]
[White "Zelcic, Robert"]
[Black "Kozak, Adam"]
[Result "0-1"]
[WhiteTitle "GM"]
[BlackTitle "GM"]
[WhiteElo "2495"]
[BlackElo "2516"]
[WhiteTeam "SK Kirchweyhe"]
[BlackTeam "Schachfreunde Deizisau"]
[WhiteFideId "14500310"]
[BlackFideId "753246"]
[EventDate "2022.10.22"]

1. e4 e5 2. Nf3 Nc6 3. Bb5 a6 4. Ba4 Nf6 5. O-O Be7 6. Re1 b5 7. Bb3 d6 8. c3
O-O 9. d4 Bg4 10. Be3 Bh5 11. Nbd2 Na5 12. Bc2 Ng4 13. Nf1 Nxe3 14. Nxe3 Bg5 15.
Nf1 Qf6 16. Ng3 Bxf3 17. Qxf3 Qxf3 18. gxf3 Nc4 19. b3 Nb6 20. Red1 g6 21. dxe5
dxe5 22. Nf1 Rfd8 23. Ne3 Bxe3 24. fxe3 a5 25. Kf2 Kf8 26. Ke2 Ke7 27. h4 Rxd1
28. Rxd1 c6 29. f4 Nd7 30. h5 Nf6 31. hxg6 hxg6 32. Rh1 Rd8 33. Rh2 b4 34. cxb4
axb4 35. Rg2 Ra8 36. Bb1 Ra5 37. Rg5 Nd7 38. Kd2 Rc5 39. Rg2 Nf6 40. Bd3 Ra5 41.
Kc1 Nd7 42. Kb2 Rc5 43. Bc4 Nf6 44. f5 g5 45. Rxg5 Nxe4 46. Rg4 Nd6 47. Bd3 Rd5
48. Kc2 c5 49. e4 Rd4 50. Rg1 Nxe4 51. a4 bxa3 52. Ra1 Nd6 53. Rxa3 e4 54. Be2
Rd5 55. Ra7+ Kf6 56. Rd7 Nxf5 57. Rxd5 Ne3+ 58. Kc3 Nxd5+ 59. Kc4 Nf4 60. Bf1 e3 0-1

[Event "Bundesliga 2022-23"]
[Site "Kirchweyhe GER"]
[Date "2023.02.25"]
[Round "8.4"]
[Board "1"]
[White "Santos Latasa, Jaime"]
[Black "McShane, Luke J"]
[Result "1/2-1/2"]
[WhiteTitle "GM"]
[BlackTitle "GM"]
[WhiteElo "2677"]
[BlackElo "2653"]
[WhiteTeam "FC Bayern Muenchen"]
[BlackTeam "SV Werder Bremen"]
[WhiteFideId "2293307"]
[BlackFideId "404853"]
[EventDate "2022.10.22"]

1. d4 Nf6 2. c4 e6 3. Nc3 Bb4 4. f3 Nc6 5. e4 e5 6. a3 Bd6 7. c5 Be7 8. dxe5
Nxe5 9. f4 Nc6 10. e5 Ng8 11. Ne4 d5 12. cxd6 cxd6 13. exd6 Nf6 14. Bd3 Bf5 15.
Nxf6+ Bxf6 16. Qe2+ Be6 17. d7+ Qxd7 18. f5 Rd8 19. Bb5 Qd5 20. fxe6 Bh4+ 21.
Kf1 O-O 22. Bxc6 Qd1+ 23. Qxd1 Rxd1+ 24. Ke2 Re1+ 25. Kd2 Rd8+ 26. Bd7 Rxe6 27.
Nf3 Rxd7+ 28. Kc2 Re2+ 29. Kb1 Be7 30. g3 Rf2 31. Ne5 Rd5 32. Re1 h5 33. h4 Bd6
34. Bf4 f6 35. Ng6 Kf7 36. Nh8+ Kg8 37. Ng6 Kf7 38. Bxd6 Rxd6 39. Nf4 Rdd2 40.
Ra2 g6 41. a4 g5 42. hxg5 fxg5 43. Nh3 Rf5 44. Ra3 g4 45. Kc1 Rh2 46. Nf4 h4 47.
Rf1 h3 48. Rd3 Rg2 49. Rdd1 Rxg3 50. Nxh3 Rxf1 51. Rxf1+ Ke6 52. Nf4+ Ke5 53.
Kd2 Ke4 54. Ne2 Rd3+ 55. Kc2 Ke3 56. Ng3 Rd2+ 57. Kc3 Rd3+ 58. Kc4 Rd4+ 59. Kb3
Rd3+ 60. Ka2 Rd7 61. Ka3 Rd3+ 62. b3 Rd7 63. a5 Rd5 64. b4 Rd3+ 65. Ka4 Rd7 66.
Kb5 Rd5+ 67. Kc4 Rd7 68. b5 b6 69. Nf5+ Ke4 70. a6 Rc7+ 71. Kb4 Rd7 72. Ng3+ Ke3
73. Rc1 Rd4+ 74. Kb3 Rd3+ 75. Rc3 Rxc3+ 76. Kxc3 Kf4 77. Nf1 g3 78. Nxg3 Kxg3
79. Kd4 Kf4 80. Kd5 Kf5 81. Kc6 Ke6 82. Kb7 Kd7 83. Kxa7 Kc7 84. Ka8 Kc8 85. a7 1/2-1/2

[Event "Bundesliga 2022-23"]
[Site "Kirchweyhe GER"]
[Date "2023.02.25"]
[Round "8.4"]
[Board "2"]
[White "Fressinet, Laurent"]
[Black "Alonso Rosell, Alvar"]
[Result "1/2-1/2"]
[WhiteTitle "GM"]
[BlackTitle "GM"]
[WhiteElo "2622"]
[BlackElo "2563"]
[WhiteTeam "SV Werder Bremen"]
[BlackTeam "FC Bayern Muenchen"]
[WhiteFideId "608742"]
[BlackFideId "2270544"]
[EventDate "2022.10.22"]

1. d4 Nf6 2. c4 e6 3. Nf3 d5 4. Nc3 Bb4 5. Bg5 h6 6. Bxf6 Qxf6 7. e3 O-O 8. Rc1
dxc4 9. Bxc4 c5 10. O-O cxd4 11. Ne4 Qe7 12. Nxd4 Bd7 13. Bd3 Nc6 14. Nb3 Na5
15. Rc7 Rfd8 16. Nxa5 Bxa5 17. Rxb7 Qf8 18. Qh5 Bb6 19. Ng5 Rac8 20. Bh7+ Kh8
21. Be4 Kg8 22. Bh7+ Kh8 23. Be4 Kg8 1/2-1/2

[Event "Bundesliga 2022-23"]
[Site "Kirchweyhe GER"]
[Date "2023.02.25"]
[Round "8.4"]
[Board "3"]
[White "Bischoff, Klaus"]
[Black "Areshchenko, Alexander"]
[Result "1/2-1/2"]
[WhiteTitle "GM"]
[BlackTitle "GM"]
[WhiteElo "2486"]
[BlackElo "2632"]
[WhiteTeam "FC Bayern Muenchen"]
[BlackTeam "SV Werder Bremen"]
[WhiteFideId "4600045"]
[BlackFideId "14109530"]
[EventDate "2022.10.22"]

1. d4 Nf6 2. Nf3 g6 3. e3 Bg7 4. Be2 O-O 5. O-O d5 6. b4 c6 7. Nbd2 Bf5 8. a4
Ne4 9. Nxe4 Bxe4 10. Nd2 Bf5 11. Ba3 Nd7 12. c3 e5 13. b5 Re8 14. Nb3 h5 15. Rc1
Rc8 16. Re1 Qc7 17. h3 cxb5 18. Bxb5 a6 19. Bf1 Qc6 20. a5 Be6 21. Nd2 Qc7 22.
Qa4 Nb8 23. Bc5 Nd7 24. Ba3 Nb8 25. Bc5 Nd7 26. Ba3 1/2-1/2

[Event "Bundesliga 2022-23"]
[Site "Kirchweyhe GER"]
[Date "2023.02.25"]
[Round "8.4"]
[Board "5"]
[White "Johansson, Linus"]
[Black "Pruijssers, Roeland"]
[Result "1/2-1/2"]
[WhiteTitle "IM"]
[BlackTitle "GM"]
[WhiteElo "2461"]
[BlackElo "2555"]
[WhiteTeam "FC Bayern Muenchen"]
[BlackTeam "SV Werder Bremen"]
[WhiteFideId "1711113"]
[BlackFideId "1013068"]
[EventDate "2022.10.22"]

1. d4 d5 2. c4 e6 3. Nf3 Nf6 4. Nc3 c5 5. cxd5 Nxd5 6. e4 Nxc3 7. bxc3 cxd4 8.
cxd4 Bb4+ 9. Bd2 Bxd2+ 10. Qxd2 O-O 11. Bc4 Nd7 12. O-O b6 13. Rfe1 Bb7 14. Rad1
Rc8 15. Bb3 Re8 16. h4 h6 17. Qf4 Nf6 18. Re3 Nh5 19. Qe5 Nf6 20. Qf4 Nh5 21.
Qe5 Nf6 22. Qf4 1/2-1/2

[Event "Bundesliga 2022-23"]
[Site "Kirchweyhe GER"]
[Date "2023.02.25"]
[Round "8.4"]
[Board "6"]
[White "Grigorian, Spartak"]
[Black "Fedorovsky, Michael"]
[Result "1-0"]
[WhiteTitle "IM"]
[BlackTitle "IM"]
[WhiteElo "2460"]
[BlackElo "2410"]
[WhiteTeam "SV Werder Bremen"]
[BlackTeam "FC Bayern Muenchen"]
[WhiteFideId "24661490"]
[BlackFideId "14105454"]
[EventDate "2022.10.22"]

1. d4 Nf6 2. c4 e6 3. g3 d5 4. Bg2 Bb4+ 5. Bd2 Be7 6. Nf3 O-O 7. O-O c6 8. Qc2
Nbd7 9. Bf4 b6 10. Rd1 Ba6 11. Ne5 Nxe5 12. dxe5 Nd7 13. cxd5 cxd5 14. e4 Rc8
15. Nc3 d4 16. Rxd4 Qc7 17. Rad1 Rfd8 18. h4 h6 19. h5 Nc5 20. Bf1 Rxd4 21. Rxd4
Bxf1 22. Kxf1 Nd7 23. Qa4 Nc5 24. Qd1 Qc6 25. Kg1 b5 26. Qe2 a6 27. Be3 Nd7 28.
f4 Nb6 29. Bf2 Bc5 30. Rd3 b4 31. Nd1 Bxf2+ 32. Nxf2 Na4 33. Kg2 Qc1 34. Rd2 a5
35. f5 Qb1 36. f6 Kh7 37. Qg4 Rg8 38. Rd7 Qxb2 39. Rxf7 1-0

[Event "Bundesliga 2022-23"]
[Site "Kirchweyhe GER"]
[Date "2023.02.25"]
[Round "8.4"]
[Board "8"]
[White "Fish, Gennadij"]
[Black "Rafiee, Makan"]
[Result "1/2-1/2"]
[WhiteTitle "GM"]
[BlackTitle "FM"]
[WhiteElo "2452"]
[BlackElo "2316"]
[WhiteTeam "SV Werder Bremen"]
[BlackTeam "FC Bayern Muenchen"]
[WhiteFideId "14102803"]
[BlackFideId "24609340"]
[EventDate "2022.10.22"]

1. d4 Nf6 2. c4 c5 3. d5 e6 4. Nc3 exd5 5. cxd5 d6 6. Nf3 g6 7. Nd2 Bg7 8. e4
O-O 9. Be2 Na6 10. O-O Nc7 11. a4 b6 12. f4 Re8 13. Kh1 Rb8 14. Bf3 a6 15. Nc4
b5 16. axb5 axb5 17. Na5 Bd7 18. Nc6 Bxc6 19. dxc6 b4 20. Nd5 Nxe4 21. Ra7 Rc8
22. Nb6 Rb8 23. Nd5 Rc8 24. Nb6 Rb8 1/2-1/2

[Event "Bundesliga 2022-23"]
[Site "Muelheim GER"]
[Date "2023.02.25"]
[Round "8.5"]
[Board "1"]
[White "Bjerre, Jonas Buhl"]
[Black "Nguyen, Thai Dai Van"]
[Result "1/2-1/2"]
[WhiteTitle "GM"]
[BlackTitle "GM"]
[WhiteElo "2612"]
[BlackElo "2634"]
[WhiteTeam "SK Doppelbauer Turm Kiel"]
[BlackTeam "SV Muelheim Nord"]
[WhiteFideId "1444948"]
[BlackFideId "358878"]
[EventDate "2022.10.22"]

1. Nf3 d5 2. g3 c5 3. Bg2 Nc6 4. d4 e6 5. O-O Nf6 6. c4 dxc4 7. Qa4 Bd7 8. Qxc4
b5 9. Qc3 b4 10. Qd3 Rc8 11. Bf4 cxd4 12. Nbd2 Nd5 13. Be5 Nxe5 14. Nxe5 Be7 15.
Nb3 O-O 16. Rac1 Bf6 17. Ng4 Bg5 18. Rxc8 Bxc8 19. Qxd4 Ba6 20. Re1 Qb6 21. e4
Nc7 22. h4 Be7 23. Rc1 Rc8 24. Qd7 Qd6 25. Qa4 Qb6 26. Qd7 Qd6 27. Qxd6 Bxd6 28.
Rc6 Be7 29. Na5 h5 30. Ne5 Bf6 31. f4 Bb5 32. Rc2 Bxe5 33. fxe5 Bd7 34. Nc6 Ra8
35. Nxb4 Nb5 36. Rd2 a5 37. Rxd7 axb4 38. Bf1 Rb8 39. Be2 g6 40. Bd1 Ra8 41. Be2
Rb8 42. Kf2 Kf8 43. Ke3 Ke8 44. Rd1 Ke7 45. Rc1 Kd7 46. Rc4 Nc7 47. Bd1 Ra8 48.
Bb3 Ra5 49. Rxb4 Rxe5 50. Kf4 f6 51. Rb8 g5+ 52. hxg5 Rxg5 53. Ba4+ Ke7 54. b4
Rg4+ 55. Kf3 f5 56. Bc2 h4 57. gxh4 Rxh4 58. b5 Kd6 59. a4 Rh2 60. Bd3 fxe4+ 61.
Bxe4 Ra2 62. b6 Ra3+ 63. Ke2 Nd5 64. Bxd5 exd5 65. Rc8 Rb3 66. a5 Kd7 67. Rc7+
Kd6 68. Rc1 Kd7 69. Rc7+ Kd6 70. Rc8 Kd7 71. Rc7+ 1/2-1/2

[Event "Bundesliga 2022-23"]
[Site "Muelheim GER"]
[Date "2023.02.25"]
[Round "8.5"]
[Board "2"]
[White "Fridman, Daniel"]
[Black "Yuffa, Daniil"]
[Result "1-0"]
[WhiteTitle "GM"]
[BlackTitle "GM"]
[WhiteElo "2603"]
[BlackElo "2601"]
[WhiteTeam "SV Muelheim Nord"]
[BlackTeam "SK Doppelbauer Turm Kiel"]
[WhiteFideId "11600454"]
[BlackFideId "24131423"]
[EventDate "2022.10.22"]

1. d4 Nf6 2. Nf3 e6 3. c4 d5 4. g3 Bb4+ 5. Bd2 a5 6. Bg2 O-O 7. Qc2 c5 8. cxd5
cxd4 9. Nxd4 Qb6 10. e3 exd5 11. O-O Nc6 12. Nxc6 bxc6 13. Rc1 Rb8 14. Bxb4 Qxb4
15. b3 Re8 16. Nc3 h5 17. Ne2 Bd7 18. Nd4 Rbc8 19. Qc5 h4 20. Qxb4 axb4 21. Rc5
h3 22. Bf3 Kf8 23. Rac1 Ra8 24. Nxc6 Bxc6 25. Rxc6 Rxa2 26. Rb6 Rea8 27. Rf1 Ra1
28. Rxb4 Rxf1+ 29. Kxf1 Ra1+ 30. Ke2 Ra2+ 31. Ke1 Rb2 32. g4 g5 33. Rd4 Rxb3 34.
Bxd5 Rb2 35. Bf3 Ke7 36. Be2 Rb1+ 37. Rd1 Rb4 38. f3 Nd7 39. Rd2 Ne5 40. Kf2 Rb1
41. f4 gxf4 42. exf4 Ng6 43. f5 Ne5 44. g5 Rb3 45. Rd4 Rc3 46. Rd5 f6 47. g6 Kf8
48. Rb5 Nc6 49. Rb7 Ne5 50. Bd1 Nd3+ 51. Ke2 Ra3 52. Rf7+ Kg8 53. Rxf6 Nf4+ 54.
Kf2 Nd3+ 55. Kg3 1-0

[Event "Bundesliga 2022-23"]
[Site "Muelheim GER"]
[Date "2023.02.25"]
[Round "8.5"]
[Board "3"]
[White "Meshkovs, Nikita"]
[Black "Tregubov, Pavel V."]
[Result "0-1"]
[WhiteTitle "GM"]
[BlackTitle "GM"]
[WhiteElo "2566"]
[BlackElo "2548"]
[WhiteTeam "SK Doppelbauer Turm Kiel"]
[BlackTeam "SV Muelheim Nord"]
[WhiteFideId "11602740"]
[BlackFideId "4115341"]
[EventDate "2022.10.22"]

1. d4 Nf6 2. c4 e6 3. Nc3 Bb4 4. e3 b6 5. Ne2 Ne4 6. Qc2 Bb7 7. a3 Bxc3+ 8. Nxc3
Nxc3 9. Qxc3 d6 10. d5 O-O 11. b4 a5 12. Bb2 Qg5 13. h4 axb4 14. axb4 Rxa1+ 15.
Bxa1 Qg6 16. h5 Qb1+ 17. Kd2 e5 18. g4 Qa2+ 19. Qb2 Qa4 20. e4 Na6 21. Rh3 Qxb4+
22. Qxb4 Nxb4 23. Ra3 Na6 24. Ke3 g6 25. f4 f6 26. Bh3 exf4+ 27. Kxf4 g5+ 28.
Ke3 Kf7 29. Bd4 Ra8 30. Bf1 Nc5 31. Rxa8 Bxa8 32. Be2 Bb7 33. Bf3 Ba6 34. Be2
Ke7 35. Bb2 h6 36. Kd4 Bc8 37. Ke3 Nd7 38. Kd2 Nc5 39. Ke3 Bd7 40. Bc3 Ba4 41.
Bb4 Bc2 42. Bf3 Bb1 43. Ba3 Nd3 44. Bd1 Nf4 45. Bb2 Bd3 46. Kd4 Bf1 47. Ba1 Nd3
48. Ke3 Ne5 49. Bxe5 dxe5 50. Be2 Bg2 51. Bd3 Kd6 52. Kf2 Bh1 53. Ke3 Kc5 54.
Bf1 Kb4 55. Be2 Kc3 56. Bf1 Kc2 57. Bd3+ Kb3 58. Be2 Bg2 59. Kd3 Kb4 60. Ke3 Kc3 0-1

[Event "Bundesliga 2022-23"]
[Site "Muelheim GER"]
[Date "2023.02.25"]
[Round "8.5"]
[Board "4"]
[White "Beerdsen, Thomas"]
[Black "Teclaf, Pawel"]
[Result "1/2-1/2"]
[WhiteTitle "IM"]
[BlackTitle "IM"]
[WhiteElo "2521"]
[BlackElo "2551"]
[WhiteTeam "SV Muelheim Nord"]
[BlackTeam "SK Doppelbauer Turm Kiel"]
[WhiteFideId "1030108"]
[BlackFideId "1185934"]
[EventDate "2022.10.22"]

1. e4 e5 2. Nf3 Nc6 3. Bc4 Bc5 4. c3 Nf6 5. d4 exd4 6. e5 d5 7. Bb5 Ne4 8. cxd4
Bb6 9. Nc3 O-O 10. Be3 f6 11. exf6 Nxc3 12. bxc3 Qxf6 13. Qb3 Ne7 14. O-O c6 15.
Bd3 Ng6 16. Rae1 Bf5 17. Bxf5 Qxf5 18. a4 Rae8 19. a5 Bxa5 20. Qxb7 Bb6 1/2-1/2

[Event "Bundesliga 2022-23"]
[Site "Muelheim GER"]
[Date "2023.02.25"]
[Round "8.5"]
[Board "5"]
[White "Thybo, Jesper Sondergaard"]
[Black "Vrolijk, Liam"]
[Result "1/2-1/2"]
[WhiteTitle "GM"]
[BlackTitle "IM"]
[WhiteElo "2498"]
[BlackElo "2483"]
[WhiteTeam "SK Doppelbauer Turm Kiel"]
[BlackTeam "SV Muelheim Nord"]
[WhiteFideId "1438832"]
[BlackFideId "1048333"]
[EventDate "2022.10.22"]

1. d4 Nf6 2. c4 e6 3. Nf3 d5 4. g3 Bb4+ 5. Bd2 a5 6. Bg2 O-O 7. Qc2 c5 8. cxd5
cxd4 9. a3 Bxd2+ 10. Qxd2 Qxd5 11. Qxd4 Nc6 12. Qxd5 Nxd5 13. O-O b6 14. Rc1 Bb7
15. Nc3 Nxc3 16. Rxc3 Rac8 17. Rac1 Ne7 18. Ne5 Bxg2 19. Kxg2 Rxc3 20. Rxc3 Rc8
21. Rb3 f6 22. Nf3 Rc6 23. Nd4 Rd6 24. Nb5 Rc6 25. e4 Rc5 26. Nd6 Rc6 27. Nb5
Rc5 28. a4 Rc4 29. Nd6 Rc6 30. Rd3 Ng6 31. Nb5 Ne5 32. Rd2 Kf8 33. b3 1/2-1/2

[Event "Bundesliga 2022-23"]
[Site "Muelheim GER"]
[Date "2023.02.25"]
[Round "8.5"]
[Board "6"]
[White "Buckels, Valentin"]
[Black "Gumularz, Szymon"]
[Result "1/2-1/2"]
[WhiteTitle "IM"]
[BlackTitle "GM"]
[WhiteElo "2456"]
[BlackElo "2546"]
[WhiteTeam "SV Muelheim Nord"]
[BlackTeam "SK Doppelbauer Turm Kiel"]
[WhiteFideId "12942766"]
[BlackFideId "1188062"]
[EventDate "2022.10.22"]

1. d4 d5 2. Bf4 Nf6 3. e3 c5 4. Nf3 e6 5. Nbd2 Qb6 6. Rb1 Bd7 7. Be2 cxd4 8.
exd4 Bb5 9. O-O Be7 10. c3 O-O 11. a4 Bxe2 12. Qxe2 Nbd7 13. Rfc1 Rfc8 14. b4 a5
15. b5 Qd8 16. Ra1 Nb6 17. Ne5 Nfd7 18. Nd3 Qf8 19. Qf3 Bd6 20. Qg3 Bxf4 21.
Qxf4 h6 22. h4 Qe7 23. g3 Nf6 24. Ne5 Qd6 25. Qe3 Rc7 26. c4 dxc4 27. Ndxc4 Nxc4
28. Nxc4 Qb4 29. Nb6 Rxc1+ 30. Rxc1 Rd8 31. Rc4 Qd6 32. Nc8 Qf8 33. Nb6 Qd6 34.
Nc8 Qf8 1/2-1/2